Audit
Salvato in:
| Autore principale: | |
|---|---|
| Altri autori: | , |
| Natura: | Libro |
| Lingua: | ceco |
| Pubblicazione: |
Praha
Victoria Publ.
1994
|
| Edizione: | 1. vyd. |
| Soggetti: | |
| Tags: |
Nessun Tag, puoi essere il primo ad aggiungerne!!
|
MARC
| LEADER | 00000nam a2200000 4500 | ||
|---|---|---|---|
| 001 | c009549 | ||
| 005 | 20221205140334.9 | ||
| 020 | |a 80-85605-86-4 | ||
| 041 | 0 | |a cze | |
| 044 | |a CZ | ||
| 245 | 1 | 0 | |a Audit |c David N. Ricchiute ; [Z angl. prel.] Lidmila Janečková, Milan Třaskalík |
| 250 | |a 1. vyd. | ||
| 264 | 1 | |a Praha |b Victoria Publ. |c 1994 | |
| 300 | |a 792 s. | ||
| 610 | 2 | 0 | |a audítorstvo |
| 610 | 2 | 0 | |a účtovníctvo |
| 610 | 2 | 0 | |a systémy počítačové |
| 610 | 2 | 0 | |a využitie počítačov |
| 610 | 2 | 0 | |a výkazy účtovné konsolidované |
| 100 | 1 | |a Ricchiute, David N. | |
| 700 | 1 | |a Janečková, Lidmila | |
| 700 | 1 | |a Třaskalík, Milan | |